[Event "Bundesliga 2324"]
[Site "Germany"]
[Date "2024.01.14"]
[Round "6.7"]
[White "Geirnaert, Steven"]
[Black "Braun, Arik"]
[Result "0-1"]
[WhiteElo "2433"]
[BlackElo "2588"]
[PlyCount "138"]
[EventDate "2023.10.21"]
[EventType "team-tourn"]
[EventRounds "15"]
[EventCountry "GER"]
[SourceTitle "CB03_2024"]
[SourceDate "2024.01.17"]
[SourceVersion "1"]
[SourceVersionDate "2024.01.17"]
[SourceQuality "1"]
[WhiteTeam "Remagen Sinzig"]
[BlackTeam "Viernheim"]
[WhiteTeamCountry "GER"]
[BlackTeamCountry "GER"]

1. d4 Nf6 2. c4 e6 3. Nc3 Bb4 4. e3 0-0 5. Bd3 d5 6. cxd5 exd5 7. Nge2 Re8 8. Bd2 Bd6 9. Rc1 a6 10. 0-0 b6 11. Nf4 Bxf4 12. exf4 Bb7 13. Be3 Nbd7 14. b4 c6 15. Qf3 Qe7 16. Rb1 b5 17. a4 Nb6 18. Bc2 Nc4 19. Bc1 Ne4 20. Qd3 f5 21. a5 Qf6 22. Be3 Re6 23. Rbe1 Rae8 24. Bc1 Bc8 25. f3 Ned6 26. Rxe6 Rxe6 27. Rf2 Re1+ 28. Rf1 Re7 29. Rf2 Nf7 30. Re2 g6 31. Rxe7 Qxe7 32. Na2 Nd8 33. Bd2 Ne6 34. Nc1 Nxd2 35. Qxd2 Nxd4 36. Nd3 Qe2 37. Qxe2 Nxe2+ 38. Kf2 Nd4 39. Bb1 Ne6 40. Ba2 Kf8 41. g4 Ke7 42. gxf5 gxf5 43. Ne5 Bd7 44. Bb1 Ng7 45. Nd3 Ne6 46. Ne5 Ng7 47. Nd3 d4 48. Nc5 Bc8 49. Ke2 Nh5 50. Kd3 Nxf4+ 51. Kxd4 Nd5 52. Ba2 Nxb4 53. Bb3 f4 54. Ke5 Nd5 55. Bxd5 cxd5 56. Kxd5 Kf6 57. h4 Kg6 58. Ke5 Kh5 59. Kxf4 Kxh4 60. Ke5 h5 61. f4 Kg4 62. Nxa6 h4 63. Nc5 h3 64. Ne4 h2 65. Nf2+ Kf3 66. Nh1 Kg2 67. f5 Bxf5 68. Kxf5 Kxh1 69. a6 Kg1 0-1

[Event "AUT-chT 2223"]
[Site "Austria"]
[Date "2023.04.13"]
[Round "9.1"]
[White "Bluebaum, Matthias"]
[Black "Braun, Arik"]
[Result "1-0"]
[WhiteElo "2651"]
[BlackElo "2598"]
[PlyCount "73"]
[EventDate "2022.11.03"]
[EventType "team-tourn"]
[EventRounds "11"]
[EventCountry "AUT"]
[SourceTitle "EXT 2024"]
[Source "ChessBase"]
[SourceDate "2023.10.10"]
[SourceVersion "1"]
[SourceVersionDate "2023.10.10"]
[SourceQuality "1"]
[WhiteTeam "Jenbach"]
[BlackTeam "Schach ohne Grenzen"]
[WhiteTeamCountry "AUT"]
[BlackTeamCountry "AUT"]

1. Nf3 d5 2. g3 Nf6 3. Bg2 c6 4. 0-0 Bg4 5. h3 Bxf3 6. Bxf3 Nbd7 7. d4 e5 8. c4 dxc4 9. Nd2 exd4 10. Nxc4 Nb6 11. Qb3 Be7 12. Rd1 0-0 13. Kg2 Nxc4 14. Qxc4 Qb6 15. Rxd4 Rad8 16. Rxd8 Rxd8 17. Rb1 Nd7 18. Bf4 Bf6 19. b4 Ne5 20. Bxe5 Bxe5 21. b5 Rd4 22. Qc2 c5 23. Rc1 c4 24. e3 Rd7 25. Qf5 Qe6 26. Rxc4 Rc7 27. Qxe6 fxe6 28. Re4 Rc5 29. Be2 Kf8 30. a4 Bc7 31. Rxe6 Rc3 32. Bf3 Ra3 33. Bxb7 Rxa4 34. Ra6 Rb4 35. Rxa7 Rxb5 36. Bc6 Bb8 37. Rxg7 1-0

[Event "Bundesliga 2223"]
[Site "Germany"]
[Date "2023.04.02"]
[Round "13.4"]
[White "Meskovs, Nikita"]
[Black "Braun, Arik"]
[Result "1/2-1/2"]
[WhiteElo "2566"]
[BlackElo "2597"]
[PlyCount "79"]
[EventDate "2022.10.21"]
[EventType "team-tourn"]
[EventRounds "15"]
[EventCountry "GER"]
[SourceTitle "CBM 213 Extra"]
[Source "ChessBase"]
[SourceDate "2023.05.31"]
[SourceVersion "1"]
[SourceVersionDate "2023.05.31"]
[SourceQuality "1"]
[WhiteTeam "Kiel Turm"]
[BlackTeam "Viernheim"]
[WhiteTeamCountry "GER"]
[BlackTeamCountry "GER"]

1. d4 Nf6 2. Bg5 d5 3. Bxf6 gxf6 4. e3 c5 5. dxc5 e6 6. c4 dxc4 7. Nd2 c3 8. bxc3 Bxc5 9. Qh5 f5 10. Ngf3 Nd7 11. Bb5 Qf6 12. Nd4 a6 13. Be2 Qg6 14. Qh3 Nf6 15. Nc4 Nd5 16. Bf3 f4 17. 0-0 0-0 18. Ne5 Qg7 19. Bxd5 Qxe5 20. Bb3 Qg7 21. exf4 e5 22. Nf5 exf4 23. Rad1 Bxf5 24. Qxf5 b6 25. Qxf4 Rad8 26. Qf3 Qg6 27. Bd5 Rfe8 28. Rd3 Rd6 29. Qd1 Re5 30. c4 Rf6 31. Rg3 Rg5 32. Be4 Qh6 33. Rxg5+ Qxg5 34. g3 Qe5 35. Qg4+ Kf8 36. Kg2 Qb2 37. Qc8+ Kg7 38. Qg4+ Kf8 39. Qc8+ Kg7 40. Qg4+ 1/2-1/2

[Event "Bundesliga 2223"]
[Site "Germany"]
[Date "2023.04.01"]
[Round "12.4"]
[White "Braun, Arik"]
[Black "Svane, Frederik"]
[Result "0-1"]
[WhiteElo "2597"]
[BlackElo "2566"]
[PlyCount "66"]
[EventDate "2022.10.21"]
[EventType "team-tourn"]
[EventRounds "15"]
[EventCountry "GER"]
[SourceTitle "CBM 213 Extra"]
[Source "ChessBase"]
[SourceDate "2023.05.31"]
[SourceVersion "1"]
[SourceVersionDate "2023.05.31"]
[SourceQuality "1"]
[WhiteTeam "Viernheim"]
[BlackTeam "Hamburger SK"]
[WhiteTeamCountry "GER"]
[BlackTeamCountry "GER"]

1. d4 d5 2. c4 e6 3. Nc3 c6 4. e3 Nf6 5. Nf3 Nbd7 6. Qc2 Bd6 7. b3 0-0 8. Be2 e5 9. Bb2 exd4 10. exd4 Re8 11. 0-0 Nf8 12. Rfe1 Ng6 13. Bf1 Bg4 14. Rxe8+ Qxe8 15. Nd2 Qe6 16. cxd5 cxd5 17. Rc1 Rc8 18. g3 h5 19. Qd3 h4 20. Bg2 Re8 21. Nf1 Bh3 22. Qf3 Bxg2 23. Qxg2 Ne4 24. Nxe4 dxe4 25. Ne3 f5 26. Qh3 Rf8 27. Kh1 hxg3 28. hxg3 Ne7 29. Kg2 Qg6 30. Rh1 f4 31. Nc4 fxg3 32. Ba3 Rxf2+ 33. Kg1 Rh2 0-1

[Event "PRO League Prelim"]
[Site "Chess.com INT"]
[Date "2023.03.02"]
[Round "3.3"]
[White "Caruana, Fabiano"]
[Black "Braun, Arik"]
[Result "0-1"]
[WhiteElo "2766"]
[BlackElo "2597"]
[PlyCount "118"]
[EventDate "2023.02.14"]
[EventType "team-swiss (rapid)"]
[EventRounds "5"]
[EventCountry "USA"]
[SourceTitle "CBM 213 Extra"]
[Source "ChessBase"]
[SourceDate "2023.05.31"]
[SourceVersion "1"]
[SourceVersionDate "2023.05.31"]
[SourceQuality "1"]
[WhiteTeam "Saint Louis Arch Bishops"]
[BlackTeam "Berlin Bears"]
[WhiteTeamCountry "USA"]
[BlackTeamCountry "GER"]

1. e4 c6 2. d4 d5 3. e5 Bf5 4. Nf3 e6 5. Be2 Ne7 6. 0-0 h6 7. Nbd2 Bh7 8. Nb3 Ng6 9. a4 Be7 10. a5 Na6 11. Be3 0-0 12. c3 Qc7 13. Ne1 c5 14. f4 cxd4 15. cxd4 Nh4 16. Bf2 Rfc8 17. g3 Nf5 18. Nd3 Nb4 19. g4 Nxd3 20. Bxd3 Nh4 21. Bxh7+ Kxh7 22. Qd3+ Kg8 23. Rfc1 Qd8 24. Bg3 Rxc1+ 25. Rxc1 Rc8 26. Rc3 Ng6 27. f5 Rxc3 28. Qxc3 Nf8 29. Kg2 Qd7 30. Qf3 Nh7 31. h4 Qc8 32. Qd3 a6 33. fxe6 fxe6 34. Qc3 Qxc3 35. bxc3 Nf8 36. h5 Nd7 37. Kf3 Nb8 38. Ke2 Nc6 39. Kd3 Kf7 40. Be1 Ke8 41. Bd2 Kd7 42. c4 Kc7 43. cxd5 exd5 44. Na1 Nd8 45. Nc2 Ne6 46. Bb4 Nf4+ 47. Ke3 Bg5 48. Bd6+ Kc6 49. Kf3 Kb5 50. Ne3 Kxa5 51. Bf8 Ne6 52. Bc5 b6 53. Bxb6+ Kxb6 54. Nxd5+ Kb5 55. Ke4 a5 56. Kd3 Nf4+ 57. Nxf4 Bxf4 58. Ke4 Bg5 59. Kf5 a4 0-1

[Event "Bundesliga 2223"]
[Site "Germany"]
[Date "2023.02.25"]
[Round "8.7"]
[White "Tomczak, Jacek"]
[Black "Braun, Arik"]
[Result "1-0"]
[WhiteElo "2595"]
[BlackElo "2597"]
[PlyCount "49"]
[EventDate "2022.10.21"]
[EventType "team-tourn"]
[EventRounds "15"]
[EventCountry "GER"]
[SourceTitle "CBM 213 Extra"]
[Source "ChessBase"]
[SourceDate "2023.05.31"]
[SourceVersion "1"]
[SourceVersionDate "2023.05.31"]
[SourceQuality "1"]
[WhiteTeam "Berlin SF"]
[BlackTeam "Viernheim"]
[WhiteTeamCountry "GER"]
[BlackTeamCountry "GER"]

1. e4 c6 2. d4 d5 3. e5 Bf5 4. h4 Qb6 5. a4 h6 6. a5 Qc7 7. Nf3 e6 8. c3 Nd7 9. Bf4 c5 10. dxc5 Bxc5 11. b4 Bf8 12. a6 Ne7 13. Bb5 b6 14. 0-0 Bg4 15. Nbd2 g5 16. hxg5 Ng6 17. Bg3 hxg5 18. Qa4 Bg7 19. c4 d4 20. Rfe1 d3 21. Nd4 0-0-0 22. Bc6 Nc5 23. bxc5 Rxd4 24. cxb6 Qxb6 25. Rab1 1-0

[Event "Bundesliga 2223"]
[Site "Germany"]
[Date "2022.10.21"]
[Round "7.3"]
[White "Braun, Arik"]
[Black "Burg, Twan"]
[Result "1-0"]
[WhiteElo "2597"]
[BlackElo "2511"]
[PlyCount "113"]
[EventDate "2022.10.21"]
[EventType "team-tourn"]
[EventRounds "15"]
[EventCountry "GER"]
[SourceTitle "CBM 213 Extra"]
[Source "ChessBase"]
[SourceDate "2023.05.31"]
[SourceVersion "1"]
[SourceVersionDate "2023.05.31"]
[SourceQuality "1"]
[WhiteTeam "Viernheim"]
[BlackTeam "Remagen Sinzig"]
[WhiteTeamCountry "GER"]
[BlackTeamCountry "GER"]

1. d4 d5 2. Nf3 Nf6 3. e3 c5 4. a3 cxd4 5. exd4 Nc6 6. Be3 g6 7. h3 Bg7 8. Bd3 0-0 9. 0-0 Bf5 10. Bxf5 gxf5 11. Nc3 e6 12. Ne2 Ne7 13. Ne5 Ng6 14. Nd3 Ne4 15. c3 Kh8 16. Qe1 Rg8 17. f3 Nd6 18. Nef4 Nc4 19. Rd1 Nxe3 20. Qxe3 Bh6 21. Nxg6+ Rxg6 22. f4 Qg8 23. Rd2 Bg7 24. g3 Bf6 25. Rg2 Qg7 26. Kf2 Rg8 27. Qf3 Qh6 28. Rh1 b6 29. Ke2 Qg7 30. Rhg1 h6 31. Ne1 h5 32. Nc2 Qh7 33. Ne3 Kg7 34. g4 hxg4 35. hxg4 fxg4 36. Nxg4 Qh5 37. Ne3 Qxf3+ 38. Kxf3 Rxg2 39. Rxg2+ Kf8 40. Rxg8+ Kxg8 41. a4 Kf8 42. Ng2 Bg7 43. Kg4 Bh6 44. Ne1 f5+ 45. Kg3 Ke7 46. Nd3 Bg7 47. Kh4 Bf6+ 48. Kh5 Kd6 49. Ne1 Bd8 50. Nf3 a6 51. Kg6 b5 52. axb5 axb5 53. Kf7 Be7 54. Ke8 Bf6 55. b3 Be7 56. b4 Bf6 57. Ng5 1-0

[Event "German Masters"]
[Site "Magdeburg"]
[Date "2022.08.23"]
[Round "8"]
[White "Fridman, Daniel"]
[Black "Braun, Arik"]
[Result "1/2-1/2"]
[WhiteElo "2606"]
[BlackElo "2594"]
[PlyCount "56"]
[EventDate "2022.08.16"]
[EventType "tourn"]
[EventRounds "9"]
[EventCountry "GER"]
[EventCategory "14"]
[SourceTitle "CBM 209 Extra"]
[Source "ChessBase"]
[SourceDate "2022.09.30"]
[SourceVersion "1"]
[SourceVersionDate "2022.09.30"]
[SourceQuality "1"]

1. c4 e6 2. g3 d5 3. Nf3 dxc4 4. Qa4+ Nd7 5. Qxc4 b6 6. Nd4 Bb7 7. Nc6 Qg5 8. Bg2 Qc5 9. Qxc5 Bxc5 10. 0-0 Ne7 11. Nxe7 Bxg2 12. Kxg2 Bxe7 13. Nc3 c5 14. Rd1 0-0-0 15. d4 cxd4 16. Rxd4 Ne5 17. Be3 Kb7 18. Rad1 Nc6 19. Rd7+ Kc8 20. R7d2 Rxd2 21. Rxd2 Rd8 22. Kf1 Rxd2 23. Bxd2 Kd7 24. Ke1 Bf8 25. Kd1 Be7 26. Ke1 Bf8 27. Kd1 Be7 28. Ke1 Bf8 1/2-1/2

[Event "German Masters"]
[Site "Magdeburg"]
[Date "2022.08.19"]
[Round "4"]
[White "Svane, Rasmus"]
[Black "Braun, Arik"]
[Result "0-1"]
[WhiteElo "2640"]
[BlackElo "2594"]
[PlyCount "118"]
[EventDate "2022.08.16"]
[EventType "tourn"]
[EventRounds "9"]
[EventCountry "GER"]
[EventCategory "14"]
[SourceTitle "CBM 209 Extra"]
[Source "ChessBase"]
[SourceDate "2022.09.30"]
[SourceVersion "1"]
[SourceVersionDate "2022.09.30"]
[SourceQuality "1"]

1. e4 c5 2. Nf3 e6 3. d4 cxd4 4. Nxd4 a6 5. Bd3 Bc5 6. Nb3 Be7 7. Qg4 g6 8. 0-0 d6 9. Qe2 Nd7 10. c4 Ne5 11. Nc3 Nf6 12. Be3 0-0 13. Rac1 b6 14. Bb1 Bb7 15. f4 Ned7 16. f5 Ne5 17. fxe6 fxe6 18. Nd4 Qd7 19. Nf3 Nxf3+ 20. Rxf3 Qc7 21. Bd4 Nd7 22. Rxf8+ Bxf8 23. Rd1 Ne5 24. b3 Bc6 25. a4 Rb8 26. h3 Be8 27. Be3 Bg7 28. Qd2 Nc6 29. Ne2 Be5 30. Nf4 Bf7 31. Bd3 Bd4 32. Be2 e5 33. Nd5 Qd8 34. Kh2 Bxe3 35. Qxe3 Nd4 36. Rf1 Bxd5 37. cxd5 a5 38. Bg4 Kg7 39. Rc1 Qe7 40. Rc3 Rb7 41. Rc6 Qf6 42. Be6 Nxc6 43. dxc6 Rc7 44. Bd5 Qf4+ 45. Qxf4 exf4 46. Kg1 Kf6 47. Kf2 g5 48. Kf3 h5 49. h4 gxh4 50. Kxf4 Rg7 51. Ke3 Ke7 52. Kf2 Kd8 53. Kf3 Kc7 54. Kf2 Rg3 55. Kf1 h3 56. gxh3 Rxh3 57. Kg2 Rc3 58. Kh2 Rxc6 59. Kg3 Rc1 0-1

[Event "Bundesliga 2122"]
[Site "Germany"]
[Date "2022.04.30"]
[Round "5.4"]
[White "Braun, Arik"]
[Black "Heinemann, Thies"]
[Result "1-0"]
[WhiteElo "2587"]
[BlackElo "2495"]
[PlyCount "109"]
[EventDate "2022.03.05"]
[EventType "team-tourn"]
[EventRounds "15"]
[EventCountry "GER"]
[SourceTitle "EXT 2023"]
[Source "ChessBase"]
[SourceDate "2022.10.05"]
[SourceVersion "1"]
[SourceVersionDate "2022.10.05"]
[SourceQuality "1"]
[WhiteTeam "Viernheim"]
[BlackTeam "Hamburger SK"]
[WhiteTeamCountry "GER"]
[BlackTeamCountry "GER"]

1. d4 Nf6 2. Bg5 e6 3. Nd2 c5 4. e3 h6 5. Bh4 cxd4 6. exd4 Be7 7. Ngf3 b6 8. Bd3 Ba6 9. Bxf6 Bxf6 10. Qe2 Bxd3 11. Qxd3 Nc6 12. c3 d5 13. Nb3 Qc7 14. h4 h5 15. g3 g6 16. 0-0 Ne7 17. Qe2 Nf5 18. Nc1 0-0 19. Nd3 b5 20. a4 a6 21. Rfc1 Qd6 22. axb5 axb5 23. b4 Qc7 24. Nc5 Nd6 25. Ra2 Rxa2 26. Qxa2 Ne4 27. Qe2 Qc6 28. Qe1 Bg7 29. Ra1 Ra8 30. Rxa8+ Qxa8 31. Nxe4 dxe4 32. Ng5 e5 33. dxe5 Bxe5 34. Nxe4 Qd5 35. Nc5 Kh7 36. Qe3 Bg7 37. Ne4 Qc6 38. Qd3 Be5 39. Nc5 Kg7 40. c4 bxc4 41. Qxc4 Qd6 42. Kg2 Bd4 43. Nd3 Kg8 44. Nf4 Kg7 45. b5 Qe5 46. Qd5 Qf6 47. Qc6 Ba7 48. Qxf6+ Kxf6 49. b6 Bb8 50. Nd5+ Ke6 51. Nb4 Kd7 52. Na6 Kc8 53. Nxb8 Kxb8 54. Kf3 Kb7 55. Ke4 1-0

[Event "Bundesliga 1920"]
[Site "Germany"]
[Date "2021.10.17"]
[Round "15.4"]
[White "Braun, Arik"]
[Black "Krasenkow, Michal"]
[Result "1/2-1/2"]
[WhiteElo "2600"]
[BlackElo "2610"]
[PlyCount "87"]
[EventDate "2019.11.23"]
[EventType "team-tourn"]
[EventRounds "15"]
[EventCountry "GER"]
[SourceTitle "EXT 2022"]
[Source "ChessBase"]
[SourceDate "2021.10.06"]
[SourceVersion "1"]
[SourceVersionDate "2021.10.06"]
[SourceQuality "1"]
[WhiteTeam "Hockenheim"]
[BlackTeam "Deizisau"]
[WhiteTeamCountry "GER"]
[BlackTeamCountry "GER"]

1. Nf3 d5 2. e3 Nf6 3. c4 e6 4. Nc3 c5 5. d4 Nc6 6. a3 a6 7. dxc5 Bxc5 8. b4 Ba7 9. Bb2 dxc4 10. Qxd8+ Kxd8 11. Bxc4 Ke7 12. Rc1 Rd8 13. Bb3 Bd7 14. 0-0 Rac8 15. Na4 Be8 16. Nc5 Na5 17. Ba2 Bb5 18. Rfe1 Bxc5 19. bxc5 Nc6 20. Bc3 Rd7 21. h3 g6 22. Nd2 Nd5 23. Bxd5 Rxd5 24. Ne4 Rc7 25. Bf6+ Kf8 26. Red1 Na5 27. Nd6 Rcxc5 28. Nxb5 axb5 29. Rxc5 Rxd1+ 30. Kh2 Nc6 31. Rxb5 Rd7 32. g4 Ke8 33. Kg3 Ne7 34. Ra5 Rc7 35. Kh4 Rc2 36. Ra8+ Kd7 37. Rf8 Nd5 38. Kg3 Rc8 39. Rxc8 Kxc8 40. Bd4 Kd7 41. e4 Ne7 42. Kf4 Ng8 43. Bc3 f6 44. Ke3 1/2-1/2

[Event "Bundesliga 1920"]
[Site "Germany"]
[Date "2021.10.16"]
[Round "14.4"]
[White "Rapport, Richard"]
[Black "Braun, Arik"]
[Result "1/2-1/2"]
[WhiteElo "2752"]
[BlackElo "2600"]
[PlyCount "59"]
[EventDate "2019.11.23"]
[EventType "team-tourn"]
[EventRounds "15"]
[EventCountry "GER"]
[SourceTitle "EXT 2022"]
[Source "ChessBase"]
[SourceDate "2021.10.06"]
[SourceVersion "1"]
[SourceVersionDate "2021.10.06"]
[SourceQuality "1"]
[WhiteTeam "Baden-Baden"]
[BlackTeam "Hockenheim"]
[WhiteTeamCountry "GER"]
[BlackTeamCountry "GER"]

1. d4 Nf6 2. c4 e6 3. Nc3 Bb4 4. Nf3 b6 5. Qb3 Qe7 6. Bg5 Bb7 7. Nd2 c5 8. dxc5 Qxc5 9. Bxf6 gxf6 10. e3 Na6 11. a3 Bxc3 12. Qxc3 Qe5 13. Qxe5 fxe5 14. b4 Nc7 15. Rg1 a5 16. b5 Ke7 17. g4 Rhg8 18. Rg3 Rg7 19. 0-0-0 Rc8 20. Kb2 Ne8 21. Bd3 d5 22. cxd5 exd5 23. f4 f6 24. Nb1 Nd6 25. fxe5 fxe5 26. Nc3 Rf8 27. Kc1 Rc8 28. Kb2 Rf8 29. Kc1 Rc8 30. Kb2 1/2-1/2

[Event "Bundesliga 1920"]
[Site "Germany"]
[Date "2021.10.15"]
[Round "12.4"]
[White "Braun, Arik"]
[Black "Moroni, Luca Jr"]
[Result "1/2-1/2"]
[WhiteElo "2600"]
[BlackElo "2541"]
[PlyCount "107"]
[EventDate "2019.11.23"]
[EventType "team-tourn"]
[EventRounds "15"]
[EventCountry "GER"]
[SourceTitle "EXT 2022"]
[Source "ChessBase"]
[SourceDate "2021.10.06"]
[SourceVersion "1"]
[SourceVersionDate "2021.10.06"]
[SourceQuality "1"]
[WhiteTeam "Hockenheim"]
[BlackTeam "Berlin SF"]
[WhiteTeamCountry "GER"]
[BlackTeamCountry "GER"]

1. c4 e6 2. Nc3 d5 3. d4 Be7 4. Nf3 Nf6 5. Bg5 h6 6. Bh4 0-0 7. e3 b6 8. cxd5 Nxd5 9. Bxe7 Qxe7 10. Nxd5 exd5 11. Rc1 Be6 12. Qb3 Rc8 13. Be2 c5 14. Qa3 Kf8 15. dxc5 bxc5 16. 0-0 a5 17. Bb5 Bd7 18. Bxd7 Nxd7 19. Rc2 a4 20. Qd3 Nf6 21. Rfc1 c4 22. Qd1 Rcb8 23. Nd4 Qd7 24. Ne2 Ra6 25. Nc3 Rab6 26. Qe2 Ne4 27. Nxe4 dxe4 28. Qxc4 Rxb2 29. Qxe4 Rxc2 30. Qxc2 Kg8 31. g3 a3 32. Rb1 Rxb1+ 33. Qxb1 Qd5 34. Qc2 Qb7 35. Qc4 h5 36. e4 g6 37. Kg2 Qb2 38. Kf3 Kg7 39. h3 Qd2 40. h4 Kg8 41. Qd5 Qc3+ 42. Ke2 Qc2+ 43. Ke3 Qc3+ 44. Ke2 Qc2+ 45. Kf1 Qc1+ 46. Kg2 Qb2 47. e5 Kg7 48. e6 fxe6 49. Qxe6 Qb7+ 50. Kh2 Qb2 51. Kg2 Qb7+ 52. Kh2 Qb2 53. Qe7+ Kg8 54. Qe8+ 1/2-1/2

[Event "German Masters"]
[Site "Magdeburg"]
[Date "2021.07.29"]
[Round "7"]
[White "Braun, Arik"]
[Black "Engel, Luis"]
[Result "0-1"]
[WhiteElo "2609"]
[BlackElo "2543"]
[PlyCount "44"]
[EventDate "2021.07.23"]
[EventType "tourn"]
[EventRounds "9"]
[EventCountry "GER"]
[EventCategory "14"]
[SourceTitle "CBM 203 Extra"]
[Source "ChessBase"]
[SourceDate "2021.09.30"]
[SourceVersion "1"]
[SourceVersionDate "2021.09.30"]
[SourceQuality "1"]

1. Nf3 d5 2. e3 Nf6 3. c4 e6 4. b3 c5 5. Bb2 Nc6 6. cxd5 exd5 7. Be2 d4 8. Bb5 Bd6 9. h3 0-0 10. 0-0 Nd5 11. Bxc6 bxc6 12. Na3 Re8 13. Nc4 Re6 14. Re1 Rh6 15. Nxd6 Qxd6 16. exd4 Bxh3 17. Qe2 Rf8 18. Qe5 Qd7 19. g3 f6 20. Qe2 Bg2 21. Nh4 Nf4 22. gxf4 Bd5 0-1

[Event "German Masters"]
[Site "Magdeburg"]
[Date "2021.07.25"]
[Round "3"]
[White "Parvanyan, Ashot"]
[Black "Braun, Arik"]
[Result "1-0"]
[WhiteElo "2451"]
[BlackElo "2609"]
[PlyCount "157"]
[EventDate "2021.07.23"]
[EventType "tourn"]
[EventRounds "9"]
[EventCountry "GER"]
[EventCategory "14"]
[SourceTitle "CBM 203 Extra"]
[Source "ChessBase"]
[SourceDate "2021.09.30"]
[SourceVersion "1"]
[SourceVersionDate "2021.09.30"]
[SourceQuality "1"]

1. Nf3 e6 2. c4 a6 3. g3 b5 4. b3 Bb7 5. Bg2 Nf6 6. 0-0 c5 7. Nc3 Qb6 8. e3 d6 9. d4 Nbd7 10. d5 exd5 11. cxd5 g6 12. e4 Bg7 13. Qc2 0-0 14. Rb1 Rfe8 15. h3 Qc7 16. Nd2 Nb6 17. Bb2 Rac8 18. a4 b4 19. a5 Nbd7 20. Na4 Qxa5 21. Nc4 Qc7 22. f4 Nh5 23. g4 Bxb2 24. Qxb2 Ng7 25. f5 Re5 26. f6 Ne8 27. Nxe5 Nxe5 28. Qd2 Qd8 29. g5 a5 30. Nb2 Ba6 31. Rf2 Nc7 32. Bf1 Bxf1 33. Rbxf1 Nb5 34. Nd3 Qe8 35. Nxe5 Qxe5 36. Qe3 Nc3 37. Re1 Re8 38. Rf3 h5 39. h4 Kf8 40. Kg2 Kg8 41. Qf4 Nb5 42. Qxe5 Rxe5 43. Rd3 Kf8 44. Ra1 Na3 45. Kf3 Ke8 46. Rd2 Kd7 47. Rxa3 bxa3 48. Ra2 Kc7 49. Rxa3 Kb6 50. Ke3 Re8 51. Kd3 Ka6 52. Ra1 Rb8 53. Kc3 Rb4 54. Re1 Kb6 55. e5 dxe5 56. Rxe5 Rxh4 57. Re7 Rd4 58. Rxf7 Rxd5 59. Rf8 Rf5 60. Rg8 h4 61. Rxg6 h3 62. Rh6 Kc7 63. Rxh3 Rxg5 64. Rf3 Rg8 65. f7 Rf8 66. Kc4 Kd6 67. Rf1 Ke7 68. Kxc5 a4 69. bxa4 Rc8+ 70. Kb6 Kf8 71. a5 Rc2 72. Ra1 Rb2+ 73. Kc5 Rc2+ 74. Kb4 Rb2+ 75. Kc3 Rb8 76. a6 Kxf7 77. a7 Ra8 78. Kb4 Ke7 79. Kb5 1-0

[Event "German Masters"]
[Site "Magdeburg"]
[Date "2021.07.24"]
[Round "2"]
[White "Braun, Arik"]
[Black "Meier, Georg"]
[Result "0-1"]
[WhiteElo "2609"]
[BlackElo "2628"]
[PlyCount "68"]
[EventDate "2021.07.23"]
[EventType "tourn"]
[EventRounds "9"]
[EventCountry "GER"]
[EventCategory "14"]
[SourceTitle "CBM 203 Extra"]
[Source "ChessBase"]
[SourceDate "2021.09.30"]
[SourceVersion "1"]
[SourceVersionDate "2021.09.30"]
[SourceQuality "1"]

1. Nf3 Nf6 2. c4 b6 3. Nc3 Bb7 4. d4 e6 5. Bg5 Bb4 6. Rc1 h6 7. Bh4 g5 8. Bg3 Ne4 9. Nd2 Bxc3 10. bxc3 Nxg3 11. hxg3 d6 12. e4 Nd7 13. Bd3 c5 14. Nf1 Qf6 15. Bc2 h5 16. Ne3 h4 17. gxh4 gxh4 18. Ba4 0-0-0 19. Bxd7+ Rxd7 20. Qf3 Qg5 21. d5 Re7 22. Kd2 Kc7 23. Rce1 exd5 24. cxd5 Rhe8 25. Qf5 Qh6 26. Kc2 Bc8 27. Qf3 Rxe4 28. Qxf7+ Bd7 29. g4 Rf4 30. Rxh4 Rxf7 31. Rxh6 Rxf2+ 32. Kb3 b5 33. Nd1 c4+ 34. Ka3 Rxa2+ 0-1

[Event "FIDE World Cup"]
[Site "Krasnaya Polyana"]
[Date "2021.07.16"]
[Round "2.2"]
[White "Braun, Arik"]
[Black "Gelfand, Boris"]
[Result "1/2-1/2"]
[WhiteElo "2609"]
[BlackElo "2675"]
[PlyCount "67"]
[EventDate "2021.07.12"]
[EventType "k.o."]
[EventRounds "8"]
[EventCountry "RUS"]
[SourceTitle "CBM 203"]
[Source "ChessBase"]
[SourceDate "2021.08.31"]
[SourceVersion "1"]
[SourceVersionDate "2021.08.31"]
[SourceQuality "1"]

1. d4 Nf6 2. c4 e6 3. Nc3 Bb4 4. Qc2 0-0 5. e4 d5 6. e5 Ne4 7. Bd3 c5 8. Nf3 cxd4 9. Nxd4 Nd7 10. Bf4 Qh4 11. g3 Qh5 12. cxd5 exd5 13. f3 Bxc3+ 14. bxc3 Nec5 15. g4 Nxd3+ 16. Qxd3 Nc5 17. Qb5 Qh4+ 18. Bg3 Qe7 19. 0-0 b6 20. Rfe1 Bd7 21. Qb4 h5 22. h3 Rae8 23. Rad1 Qg5 24. Nb3 hxg4 25. hxg4 f5 26. Nxc5 bxc5 27. Qxc5 fxg4 28. f4 Qf5 29. Qxa7 Ra8 30. Qf2 Ra3 31. Qe3 Be6 32. Re2 Rfa8 33. Rdd2 Rxa2 34. Rxa2 1/2-1/2

[Event "FIDE World Cup"]
[Site "Krasnaya Polyana"]
[Date "2021.07.13"]
[Round "1.2"]
[White "Juksta, Karolis"]
[Black "Braun, Arik"]
[Result "0-1"]
[WhiteElo "2438"]
[BlackElo "2609"]
[PlyCount "98"]
[EventDate "2021.07.12"]
[EventType "k.o."]
[EventRounds "8"]
[EventCountry "RUS"]
[SourceTitle "CBM 203"]
[Source "ChessBase"]
[SourceDate "2021.08.31"]
[SourceVersion "1"]
[SourceVersionDate "2021.08.31"]
[SourceQuality "1"]

1. d4 Nf6 2. c4 e6 3. Nc3 Bb4 4. e3 0-0 5. Nge2 Re8 6. a3 Bf8 7. Ng3 d5 8. Be2 b6 9. cxd5 exd5 10. 0-0 Bb7 11. b4 Nbd7 12. Qb3 c6 13. Bf3 a5 14. b5 c5 15. Nxd5 a4 16. Qa2 Bxd5 17. Bxd5 Nxd5 18. Qxd5 cxd4 19. Qxd4 Nc5 20. Qg4 Qf6 21. Ra2 Nb3 22. Bb2 Qg6 23. Qxg6 hxg6 24. Ne2 Ra5 25. Nd4 Nxd4 26. Bxd4 Rxb5 27. Rc1 Rc8 28. Rca1 Rb3 29. Kf1 b5 30. h4 Rc4 31. Ke2 f6 32. g3 Kf7 33. Kd1 Ke6 34. Ke2 Bd6 35. Kd2 Kf5 36. Ke2 Kg4 37. Bb6 Be5 38. Rd1 Rb2+ 39. Rxb2 Bxb2 40. e4 Bxa3 41. f3+ Kxg3 42. Bf2+ Kg2 43. Rg1+ Kh2 44. Rxg6 Bf8 45. h5 a3 46. Rg4 Rc2+ 47. Kf1 Rxf2+ 48. Kxf2 Bc5+ 49. Kf1 Kh3 0-1